Automating payload generation in metasploit (Record no. 5502)

MARC details
000 -LEADER
fixed length control field 00471nam a22001697a 4500
003 - CONTROL NUMBER IDENTIFIER
control field OSt
005 - DATE AND TIME OF LATEST TRANSACTION
control field 20220107122823.0
008 - FIXED-LENGTH DATA ELEMENTS--GENERAL INFORMATION
fixed length control field 161222b xxu||||| |||| 00| 0 eng d
040 ## - CATALOGING SOURCE
Transcribing agency IIITMK
100 ## - MAIN ENTRY--PERSONAL NAME
Personal name Abhilash P (93615000)
9 (RLIN) 11089
245 ## - TITLE STATEMENT
Title Automating payload generation in metasploit
300 ## - PHYSICAL DESCRIPTION
Extent CSIS - Mini 3rd sem
502 ## - DISSERTATION NOTE
Degree type CSIS
Name of granting institution 2015-17
Year degree granted INT
-- Dr. Tony Thomas
650 ## - SUBJECT ADDED ENTRY--TOPICAL TERM
Topical term or geographic name entry element COMPUTER SECURITY
9 (RLIN) 11090
650 ## - SUBJECT ADDED ENTRY--TOPICAL TERM
Topical term or geographic name entry element NETWORK ATTACKS
9 (RLIN) 11091
942 ## - ADDED ENTRY ELEMENTS (KOHA)
Source of classification or shelving scheme Dewey Decimal Classification
Koha item type
Holdings
Withdrawn status Lost status Source of classification or shelving scheme Damaged status Not for loan Home library Current library Date acquired Total Checkouts Barcode Date last seen Price effective from Koha item type
    Dewey Decimal Classification     IIITM-K Kerala University of Digital Sciences, Innovation and Technology Knowledge Centre 22/12/2016   R-1128 22/12/2016 22/12/2016 Project Reports